| 000 | 00575cab a2200205 4500 | ||
|---|---|---|---|
| 001 | WB3429-24 | ||
| 008 | 090401t1998 xxu||||| |||| 00| 0 eng d | ||
| 035 | _a(Sirsi) u87741 | ||
| 041 | _aeng | ||
| 245 | _aRepossessions rising | ||
| 260 | _c1998 | ||
| 350 | _a0 | ||
| 490 |
_aIndependent _v30 July 1998, 10(1) |
||
| 520 | _aCouncil of Mortgage Lenders figures reveal that repossessions have risen by 10 per cent in six months. Graph. | ||
| 650 | _aCOUNCIL OF MORTGAGE LENDERS | ||
| 650 | _aREPOSSESSIONS | ||
| 690 | _aHOUSING | ||
| 942 | _n0 | ||
| 948 | _c30/07/1998 | ||
| 999 |
_c55360 _d55360 |
||